The unified accounting system = النظام المحاسبي الموحد. (رقم التسجيلة. 5368)
[ عرض عادي ]
| 000 -الفاتح | |
|---|---|
| حقل البيانات ثابتة الطول | 00887nam a22002417a 4500 |
| 003 - محدد رقم الضبط | |
| رقم الضبط | INP |
| 005 - وقت وتاريخ اخر تعامل مع التسجيلة | |
| رقم الضبط | 20260622095817.0 |
| 008 - عناصر البيانات ثابتة الطول - معلومات عامة | |
| حقل البيانات ثابتة الطول | 180228s2013 ua ||||fr|||| 00| 0 eng d |
| 040 ## - مصدر الفهرسة | |
| وكالة الفهرسة الأصلية | EG-INP |
| وكالة النسخ | EG-INP |
| لغة الفهرسة | eng |
| 082 04 - رقم تصنيف ديوى العشرى | |
| رقم الطبعة | 21 |
| رقم التصنيف | 621.38195 |
| رقم المادة | u n |
| 245 04 - بيان العنوان | |
| العنوان | The unified accounting system = النظام المحاسبي الموحد. |
| 246 11 - العنوان الموازى | |
| عنوان صحيح/عنوان مختصر | النظام المحاسبي الموحد. |
| 260 ## - بيانات النشر | |
| مكان الناشر او الموزع | cairo : |
| اسم الناشر او الموزع | The Middle East Library for Economic Services, |
| تاريخ النشر أو التوزيع | 2013. |
| 300 ## - الوصف المادى | |
| التعداد | p. 96 ; |
| أبعاد الوعاء | 24 cm. |
| 520 ## - التبصرة الخاصة بالتعليق أو التلخيص | |
| ملخص,الخ | After reviewal of the law of the central audit agency, promulgated by law number 144 of the year 1988, as amended by the law number 157 of the year 1998. |
| 650 #0 - المدخل الاضافى بالموضوع-مصطلح موضوعى | |
| مصطلح موضوعي كعنصر مدخل | Accounting |
| التقسيم الفرعي العام | Law and legislation |
| التقسيم الفرعي الجغرافي | Egypt. |
| 650 #0 - المدخل الاضافى بالموضوع-مصطلح موضوعى | |
| مصطلح موضوعي كعنصر مدخل | Finance, Public. |
| 9 (RLIN) | 1277 |
| 650 #0 - المدخل الاضافى بالموضوع-مصطلح موضوعى | |
| مصطلح موضوعي كعنصر مدخل | Accountancy manual. |
| 9 (RLIN) | 37 |
| 901 ## - عنصر بيانات محلىA, LDA (RLIN) | |
| كود المفهرس | EGPV2 |
| 902 ## - عنصر بيانات محلىB, LDB (RLIN) | |
| كود المراجع | EGPV20 |
| 903 ## - original or copycat | |
| a | original |
| حالة التراجع | المكان المؤقت | الموقع الحالى | نوع وعاء كوها |
|---|---|---|---|
| Library INP | Library INP | كتاب |
Institute of National Planning Catalog